| 000 | 00858cab a2200229 4500 | ||
|---|---|---|---|
| 001 | ABS50657 | ||
| 008 | 090401t1994 xxu||||| |||| 00| 0 eng d | ||
| 035 | _a(Sirsi) u76934 | ||
| 041 | _aeng | ||
| 245 | _aHousing refurbishment | ||
| 260 | _c1994 | ||
| 350 | _a0 | ||
| 490 |
_aArchitects` Journal _v199(19) 11 May 1994, 21-29(6) |
||
| 520 | _aDiscusses the importance and practice of accurate surveys for the refurbishment of old houses, covering materials, repairs and new services, looks at planning issues associated with listed buildings. Legislation and government guidance is reviewed and advice offered to avoid prosecution under the Listed Buildings Act 1990. | ||
| 650 | _aCRIMINAL PROSECUTIONS | ||
| 650 | _aLISTED BUILDINGS | ||
| 650 | _aPPG15 | ||
| 650 | _aREHABILITATION | ||
| 690 | _aHOUSING | ||
| 942 | _n0 | ||
| 948 | _c04/03/1997 | ||
| 999 |
_c48337 _d48337 |
||